000 00402 a2200133 4500
001 90545
082 _aPR 941
090 _c42879
_d42879
100 _aSulal Bin habib; Nasir Baig & Irfan, advisors
245 _aStudy for installation of laser guided bomb GBU-12 on A-5 aircraft
_nG-25
260 _aKarachi
_bNED University
_c1987
300 _avi, 150 p.
_bhand written
500 _aBE Project Reports
942 _aCAE NUST
_kPR 941
999 _c325618
_d325618